2013 Pop Songs Lyrics - Statistics

General Stats
  • This quiz has been taken 9,347 times
    9,343 since last reset
  • The average score is 6 of 13
Answer Stats
Hint Answer % Correct
I came in like a____ ____, I never hit so hard in love wrecking ball
96%
You're gonna miss me by my walk, you're gonna ____ ___ ___my talk miss me by
77%
I used to bite my tongue and hold __ _____, scared to rock the boat and make a mess my breath
74%
And we danced all night to the ___ ___ ____, we knew every line, now I can't remember how it goes, but I know... best song ever
65%
___ ____ never be royals(royals) and we'll
58%
_ ____ for the applause, applause, applase I live
57%
When I'm wiser and ___ _____, all this time I was finding myself I'm older
55%
We're up all night___ ___ ____ to get lucky
48%
Say what you wanna say, and let the words ___ ___, honestly; I wanna see you be brace fall out
40%
I wipe my brow and I sweat my ___ rust
36%
Dreaming about the things ____ __ ______ __ that we could be
21%
This is my ____ to you, wherever you go just always remember, that you got a home for now and forever oath
9%
I will love you _______, there is no fear now, let go and just begin. unconditionally
8%
No matching quizzes found
Score Distribution
Percent of People with Each Score
Percentile by Number Answered
Your Score History
You have not taken this quiz since the last reset